[Event "FIDE Zonal 2.5 Open 2019"]
[Site "Montevideo"]
[Date "2019.04.14"]
[Round "3.9"]
[White "Rodriguez Vila, Andres"]
[Black "Restuccia, Francisco"]
[Result "1/2-1/2"]
[WhiteElo "2480"]
[BlackElo "2100"]
[Annotator "TA"]
[PlyCount "149"]
[EventDate "2019.04.13"]
[EventType "swiss"]
[EventCountry "URU"]
[SourceTitle "playchess.com"]
[Source "ChessBase"]
[SourceQuality "1"]

{[%evp 19,149,30,34,31,24,32,31,22,22,22,22,23,23,22,22,25,25,14,89,91,81,61,66,44,83,85,84,83,121,98,98,89,97,48,103,104,115,79,77,85,86,75,116,75,76,81,115,117,129,116,118,91,110,107,110,100,115,112,118,113,158,125,110,101,105,68,200,191,225,225,210,222,218,221,187,188,179,131,134,134,131,121,121,120,123,121,109,0,0,0,0,0,15,8,28,15,151,47,45,49,45,10,85,31,97,0,0,0,152,152,167,167,167,61,167,167,167,167,591,8,2783,2059,29977,29978,29977,29977,29971,29970,29985,29986,29988,29989]} 1. e4 Nf6 2. e5 Nd5 3. d4 d6 4. c4 Nb6 5. exd6 cxd6 6. Nc3 g6 7. Be3 Bg7 8. Rc1 O-O 9. b3 e5 10. dxe5 dxe5 11. Qxd8 {B03: Alekhine's Defence: Four Pawns Attack} Rxd8 12. c5 N6d7 $1 13. Nf3 {White is slightly better.} (13. Bc4 Nc6 14. Nf3 h6 15. Nb5 e4 16. Nd2 Nde5 17. Nxe4 Nb4 18. O-O Nxa2 19. Rcd1 Bg4 20. f3 Nxc4 21. bxc4 Bd7 22. Nc7 {1-0 (41) Nguyen,T (2441)-Moussard,J (2573) Karlsruhe 2017}) 13... Nf8 14. Nb5 {Threatens to win with Nc7.} Nc6 15. Nd6 Rb8 16. Ng5 $36 {[%mdl 2048] White has some pressure.} Be6 $1 17. Nxe6 Nxe6 18. Bc4 Rd7 $146 (18... Ncd4 $11) ({Predecessor:} 18... Bf8) 19. Bxe6 $1 $16 fxe6 20. O-O Nb4 21. Rc4 Nd5 22. Bd2 Bf8 23. Ne4 $1 Bg7 24. Re1 Nf6 25. Nxf6+ Bxf6 26. Bc3 Kg7 (26... Rc8 $14) 27. g3 Rbd8 28. Kg2 Rd5 29. b4 Kf7 30. a4 h5 31. a5 Rc8 32. Ree4 a6 33. h4 Ke7 34. Re3 Rcd8 35. Kf3 Rf8 36. Ke2 $1 Rfd8 37. Rce4 Kf7 38. Rf3 Ke7 39. g4 Rh8 40. g5 Bg7 41. Rc4 Rhd8 42. Re3 R8d7 (42... Kd7 $1 $14) 43. Ree4 $18 Rd8 44. c6 bxc6 45. Rxc6 R8d6 46. Rc7+ Rd7 47. Rc8 Rd8 48. Rxd8 Kxd8 {[%mdl 4096] Endgame KRB-KRB} 49. f4 Kd7 50. Rc4 (50. fxe5 $6 Kc6 $14) 50... Bf8 51. fxe5 Bg7 52. Re4 $1 Kc6 53. Re3 (53. Ke3 $16) 53... Kb5 $1 $11 54. Rf3 Bxe5 55. Bd2 Bd4 56. Rf8 Rd6 57. Kf3 Kc6 (57... Ba1 $11 58. Rb8+ Kc4) 58. Rg8 (58. Ke4 $1 $16) 58... e5 $1 $14 59. Ke4 Kb5 $1 60. Be1 Kc4 (60... Ba1 $11) 61. Rf8 (61. Rc8+ $1 $16 Kb5 62. Rf8) 61... Bb2 (61... Ba1 $14) 62. Rf6 ({White should play} 62. Bf2 $1 $16) 62... Rd4+ $11 63. Ke3 Bc1+ $2 {[#]} (63... Rg4 $11) 64. Ke2 $1 $16 {aiming for Rc6+.} Ba3 65. Rc6+ ({Resist} 65. Rxg6 Bxb4 66. Bxb4 Kxb4 $14) 65... Kd5 66. Rxa6 (66. Rxg6 $18 Re4+ 67. Kf1) 66... Bxb4 (66... Re4+ $14 67. Kf2 Rxh4) 67. Bxb4 $18 {White threatens Rd6+ and mate.} Rxb4 68. Rxg6 Rxh4 $2 {[#] KR-KR} (68... Re4+ 69. Kf2 Rf4+ 70. Kg3 Rg4+ 71. Kh3 Ra4) 69. a6 $2 (69. Rf6 $1 $18 {Hoping for a6.} Rh2+ 70. Ke3) 69... Ra4 $2 {[%mdl 8192]} (69... Re4+ $11 70. Kd2 Rd4+ 71. Kc2 Rc4+ 72. Kb3 Rc7) 70. Rf6 e4 71. g6 {White mates.} Ke5 72. Rb6 Ra2+ 73. Kd1 h4 74. g7 Rg2 75. a7 {[%mdl 32768] Accuracy: White = 59%, Black = 38%. . An unexpected result.} 1/2-1/2

[Event "FIDE Zonal 2.5 Open 2019"]
[Site "Montevideo"]
[Date "2019.04.14"]
[Round "3.10"]
[White "Adasme Fredes, Mauricio"]
[Black "Michailov, Matias"]
[Result "0-1"]
[WhiteElo "2086"]
[BlackElo "2264"]
[Annotator "TA"]
[PlyCount "110"]
[EventDate "2019.04.13"]
[EventType "swiss"]
[EventCountry "URU"]
[SourceTitle "playchess.com"]
[Source "ChessBase"]
[SourceQuality "1"]

{[%evp 12,110,33,0,0,10,11,-46,-52,-83,-39,-53,-44,-74,-69,-60,-59,-89,-95,-95,-97,-110,-80,-80,-101,-212,-211,-220,-203,-205,-219,-260,-260,-286,-286,-283,-273,-334,-264,-335,-325,-336,-318,-329,-322,-312,-334,-326,-318,-324,-328,-336,-320,-329,-329,-335,-335,-334,-331,-327,-311,-305,-275,-368,-367,-361,-364,-393,-348,-375,-367,-334,-263,-254,-235,-260,-222,-265,-259,-293,-268,-743,-720,-1063,-899,-1681,-1693,-1916,-1920,-5326,-5326,-5310,-4145,-4145,-4137,-4129,-4129,-29986,-29987,-29987,-29988]} 1. Nf3 Nf6 2. b3 g6 3. Bb2 Bg7 4. g3 O-O 5. Bg2 d6 6. d4 a5 7. a3 {LiveBook: 12 Games. A49: 1 d4 Nf6 2 Nf3 g6 3 g3: Anti-King's Indian systems} (7. O-O a4 8. b4 b5 9. Na3 c6 10. c4 bxc4 11. Nxc4 Nd5 12. a3 Nb6 13. Na5 Ba6 14. Rc1 Bb5 15. Re1 {1-0 (46) Pantsulaia,L (2612)-Vachier Lagrave,M (2789) Riadh 2017}) 7... e5 8. dxe5 Nfd7 9. c4 $146 (9. O-O $11) ({Predecessor:} 9. Nc3 dxe5 10. O-O Na6 11. Qc1 Nb6 12. Rd1 Qe8 13. Nd5 Bd7 14. Nxb6 cxb6 {1-0 (52) Bistric,F (2446)-Armanda,I (2331) Rijeka 2001}) 9... dxe5 $15 {White must now prevent ...e4.} 10. Qc2 Qe7 11. Nc3 c6 $1 12. e4 Nc5 13. O-O Nba6 14. Nh4 Rd8 15. Rad1 Bg4 16. Rxd8+ Qxd8 17. h3 Be6 18. Rd1 (18. Ba1 $17) 18... Qb6 $19 19. Na4 Qxb3 20. Qxb3 Nxb3 21. Nb6 Re8 22. Nf3 f6 23. Bc3 Nac5 24. Ne1 Kf7 25. Nd3 Rd8 26. Nxe5+ Ke7 27. Rxd8 Kxd8 28. Ng4 Kc7 29. Na8+ Kb8 30. Nb6 Ka7 {[%mdl 64] [#] Trapped Piece} 31. Nd5 cxd5 32. cxd5 Bxg4 33. hxg4 {If only White now had time for g5!...} Na4 34. d6 {Hoping for d7.} Kb8 ({Wrong is} 34... Nxc3 $2 35. d7 $18) 35. Be1 b6 36. f4 h6 37. Bf2 Nac5 38. Be3 g5 39. e5 fxe5 40. fxg5 hxg5 41. Bxg5 e4 42. Bxe4 Be5 43. Bf5 {White wants to play d7.} Bxd6 44. Kg2 Kc7 45. Bf6 Nd7 46. g5 $2 (46. Bc3) 46... Nxf6 47. gxf6 Bxa3 48. g4 Nd4 49. Bd3 Kd6 50. g5 Ke5 51. Kg3 Ne6 52. Kg4 Bc1 53. Bc4 Bxg5 54. Bxe6 Kxe6 55. Kxg5 {[#]} Kf7 $1 {Accuracy: White = 29%, Black = 90%.} ({Weaker is} 55... a4 56. Kg6 $11) 0-1

[Event "FIDE Zonal 2.5 Open 2019"]
[Site "Montevideo"]
[Date "2019.04.14"]
[Round "3.11"]
[White "Muniz, Rafael"]
[Black "Belmes, Martin"]
[Result "1-0"]
[WhiteElo "2257"]
[BlackElo "2081"]
[Annotator "TA"]
[PlyCount "63"]
[EventDate "2019.04.13"]
[EventType "swiss"]
[EventCountry "URU"]
[SourceTitle "playchess.com"]
[Source "ChessBase"]
[SourceQuality "1"]

{[%evp 15,63,40,41,50,43,43,108,102,106,74,81,58,73,0,0,0,145,139,195,195,186,118,169,161,220,162,172,171,187,150,311,314,314,314,314,314,314,314,314,303,304,306,318,296,651,615,554,350,4133,3003]} 1. e4 c5 2. Nf3 Nc6 3. Bb5 Nf6 4. Bxc6 dxc6 5. d3 Bg4 6. h3 Bxf3 7. Qxf3 g6 8. O-O Bg7 9. Nd2 {B31: Sicilian: 2...Nc6 3 Bb5 g6} Qd7 $146 ({Predecessor:} 9... O-O 10. Qe2 e5 11. a3 Nd7 12. Qe3 Qe7 13. Nc4 f5 14. Bd2 f4 15. Qf3 h5 16. g3 Rf7 {1-0 (54) Bauer,C (2641)-Tregubov,P (2606) Bern 2014}) 10. a4 g5 (10... O-O $14) 11. Nc4 {White is better.} g4 12. hxg4 Nxg4 13. Rb1 {[%cal Ba1b1,Bb1b4,Bb4b3][%mdl 32]} h5 14. b4 ({Better is} 14. Bf4 $16) 14... cxb4 $11 15. Rxb4 Rd8 {[#]} (15... b5 $11 {keeps the balance.} 16. Ne3 Be5) 16. a5 $1 $16 Bc3 (16... c5 $16 17. Rb3 Rb8) 17. Rb3 $18 Bd4 18. Be3 (18. Bb2 $18) 18... Qc7 (18... Bxe3 $16 {was called for.} 19. fxe3 f6) 19. Qf4 e5 (19... Qxf4 $142 20. Bxf4 Rd7) 20. Qg5 {Qg7 is the strong threat.} b5 21. axb6 axb6 {intending ...b5.} 22. Qg7 $36 {[%mdl 2048] White has strong initiative.} Rf8 $2 (22... Ke7 $16 23. Qg5+ Ke8) 23. Bxd4 exd4 {[%csl Gg4][%cal Rc7h2]} 24. e5 b5 25. Nd6+ Rxd6 26. exd6 Qxd6 {[%csl Gg4][%cal Rd6h2]} 27. Re1+ Kd7 28. g3 Nf6 29. Rbb1 h4 $2 (29... Kc7 30. Ra1 Kb6) 30. Ra1 {Threatens to win with Ra7+.} Kc7 {[#]} 31. Re7+ $3 {[%mdl 512]} Kb6 $2 (31... Qxe7 32. Ra7+ {[%mdl 64] Skewer} Kd8 33. Rxe7 Kxe7) 32. Qxf8 {Accuracy: White = 84%, Black = 33%.} 1-0

[Event "FIDE Zonal 2.5 Open 2019"]
[Site "Montevideo"]
[Date "2019.04.14"]
[Round "3.12"]
[White "Sosa Macho, Juan Manuel"]
[Black "Jodorcovsky Werjivker, Paulo"]
[Result "0-1"]
[WhiteElo "2076"]
[BlackElo "2257"]
[Annotator "TA"]
[PlyCount "90"]
[EventDate "2019.04.13"]
[EventType "swiss"]
[EventCountry "URU"]
[SourceTitle "playchess.com"]
[Source "ChessBase"]
[SourceQuality "1"]

{[%evp 28,90,12,0,35,0,0,0,0,-38,-23,-53,0,0,71,-12,0,-127,-137,-154,-127,-191,-137,-137,-132,-140,-135,-127,-143,-139,-128,-172,-115,-158,-146,-229,-225,-220,-220,-230,-215,-375,-389,-537,-533,-529,-529,-516,-513,-499,-487,-724,-670,-3328,-2960,-2256,-1825,-1654,-1631,-29971,-29974,-29973,-29957,-29988,-29989]} 1. d4 d5 2. c4 e6 3. Nc3 c6 4. Nf3 dxc4 5. a4 Bb4 6. e3 b5 7. Bd2 a5 8. axb5 Bxc3 9. Bxc3 cxb5 10. b3 Bb7 11. bxc4 b4 12. Bb2 Nf6 13. Bd3 Nbd7 {[%cal Bb8d7,Bd7c5,Bc5e4,Be4d2][%mdl 32]} 14. O-O O-O 15. Nd2 Re8 {D31: Queen's Gambit Declined: Semi-Slav without ...Nf6 (+ Marshall Gambit and Noteboom) and Exchange Variation lines without ...Nf6} (15... e5 16. d5 Re8 17. f4 Qe7 18. Bc2 Qd6 19. Kh1 e4 20. Ba4 Rec8 21. Bxd7 Nxd7 22. Qg4 Nf6 23. Nxe4 Nxg4 24. Nxd6 Nxe3 {½-½ (44) Lenderman,A (2626)-Tomashevsky,E (2744) Doha 2015}) 16. f4 Nc5 17. Bc2 $1 Nce4 {The position is equal.} 18. Ba4 Nxd2 19. Qxd2 Ne4 (19... Re7 $15) 20. Qe2 $1 $11 f5 (20... Rf8 $11) 21. Rfc1 $146 (21. Bxe8 $16 Qxe8 22. Rfd1) ({Predecessor:} 21. Rfd1 Re7 22. d5 exd5 23. cxd5 {1-0 (45) Becker,M (2150)-Lindner,D Pinneberg 1996}) 21... Re7 22. c5 (22. Rd1 $11 {remains equal.}) 22... Bd5 $17 23. Bb5 Rea7 {White must now prevent ...a4.} 24. Qc2 (24. Ba4 $17 {was necessary.}) 24... Qc7 (24... g5 $19 25. g3 gxf4 26. exf4 Rg7) 25. Ra4 Bc6 26. Qc4 Qd7 27. Bxc6 Qxc6 28. Rca1 Nf6 29. Qe2 Kf7 ({Better is} 29... Qe4 $19 30. g3 g6) 30. h3 Qe4 31. Bc1 (31. Kf1 $17 {keeps fighting.}) 31... Nd5 $19 32. Qh5+ Kg8 33. Bd2 {[#]} Nxf4 $1 {[%csl Gf4][%cal Re4g2][%mdl 512]} 34. Qg5 $2 (34. Qf3 {is a better defense.} Nd3 35. c6) (34. exf4 Qxd4+) 34... Nd5 35. Rxa5 Rxa5 36. Rxa5 Rxa5 ({Not} 36... Qb1+ 37. Kh2 $17) 37. Qd8+ Kf7 38. Qxa5 f4 39. Qa7+ (39. c6 $142 Kg6 40. h4) 39... Kg6 40. Qb8 fxe3 41. Qg3+ Kf7 42. Bc1 e2 43. Qf2+ Kg8 {Black mates.} 44. Bd2 b3 45. c6 b2 {Accuracy: White = 27%, Black = 70%.} 0-1

[Event "FIDE Zonal 2.5 Open 2019"]
[Site "Montevideo"]
[Date "2019.04.14"]
[Round "3.13"]
[White "Rodriguez, Santiago"]
[Black "Pichuaga, Juan Pablo"]
[Result "1-0"]
[WhiteElo "2257"]
[BlackElo "2021"]
[Annotator "TA"]
[PlyCount "65"]
[EventDate "2019.04.13"]
[EventType "swiss"]
[EventCountry "URU"]
[SourceTitle "playchess.com"]
[Source "ChessBase"]
[SourceQuality "1"]

{[%evp 15,65,0,26,17,23,0,0,0,44,44,31,37,54,48,135,120,148,153,145,151,158,158,225,129,164,140,143,106,123,138,123,57,113,110,144,137,197,196,204,206,225,217,514,501,29989,29990,29995,29996,29996,29997,29997,187]} 1. d4 d5 2. Bf4 Nf6 3. e3 e6 4. Nd2 Be7 5. c3 O-O 6. Ngf3 c5 7. Bd3 Nc6 8. Ne5 Qb6 9. Rb1 {D02: 1 d4 d5 2 Nf3 sidelines, including 2...Nf6 3 g3 and 2...Nf6 3 Bf4} Nd7 10. O-O Ncxe5 11. dxe5 {The position is equal.} f6 $146 ({Predecessor:} 11... f5 12. exf6 Nxf6 13. Bg3 Bd7 14. e4 Bb5 15. c4 dxc4 16. Nxc4 Bxc4 17. Bxc4 Nxe4 {1-0 (42) Sosna,J (2358)-Krejca,J (1946) Vsetin 2015}) 12. Qh5 f5 13. Nf3 $40 {[%mdl 128] White has some attack.} Qd8 14. g4 {[%cal Rg4f5]} g6 (14... c4 $14 15. Bc2 Nc5) 15. Qh6 $16 Re8 16. Ng5 Bxg5 17. Bxg5 Qc7 18. f4 c4 {[#]} (18... Nf8 $16 19. h3 Qf7) 19. Bc2 (19. gxf5 $1 $18 cxd3 20. fxg6) 19... Qc5 20. Rf3 {Hoping for Rh3.} Qf8 21. Qh4 Qf7 22. gxf5 exf5 23. Ba4 ({White should try} 23. Rg3 $16) 23... a6 (23... Rb8 $14) 24. Bxd7 Bxd7 25. Kf2 Bc6 (25... a5 $16) 26. Rg1 $18 d4 27. Rfg3 dxe3+ 28. Rxe3 {Strongly threatening Bf6.} Qd5 $2 (28... Re6 29. Bf6 Rf8) 29. Bf6 h5 (29... Qd2+ $18 30. Re2 Qd5) 30. Qg5 {White mates.} Kf8 31. Qh6+ Kf7 {[#]} 32. e6+ $1 {[%mdl 512]} Kxf6 (32... Rxe6 33. Qxg6+) 33. Qg5+ {Accuracy: White = 78%, Black = 36%.} 1-0

[Event "FIDE Zonal 2.5 Open 2019"]
[Site "Montevideo"]
[Date "2019.04.14"]
[Round "3.14"]
[White "Suarez, Pedro"]
[Black "Coppola, Claudio"]
[Result "1/2-1/2"]
[WhiteElo "2019"]
[BlackElo "2238"]
[Annotator "TA"]
[PlyCount "81"]
[EventDate "2019.04.13"]
[EventType "swiss"]
[EventCountry "URU"]
[SourceTitle "playchess.com"]
[Source "ChessBase"]
[SourceQuality "1"]

{[%evp 15,81,2,3,-16,-12,-55,-52,-40,-41,-49,-22,-27,-26,-14,0,0,0,-11,-5,-15,-16,-6,-9,-28,0,-19,-16,-12,-2,-19,0,-31,-16,-19,-18,-25,0,0,0,-9,0,-22,-12,-19,0,-90,0,-194,-210,-155,-124,-124,-124,-126,-131,-104,-118,-291,-121,-123,-88,-66,0,0,37,31,20,8]} 1. d4 b6 2. c4 Bb7 3. Nf3 e6 4. Nc3 f5 5. g3 Nf6 6. Bg2 Bb4 7. O-O Bxc3 8. bxc3 O-O {LiveBook: 15 Games. A84: Dutch Defence: 2 c4 Miscellaneous} 9. a4 (9. d5 Ne4 10. dxe6 dxe6 11. Qxd8 Rxd8 12. Ng5 Re8 13. Nxe4 Bxe4 14. Bxe4 fxe4 15. c5 Nc6 16. Rd1 Rad8 17. Bg5 Rxd1+ 18. Rxd1 {0-1 (53) Ajrapetjan,Y (2531)-Ponomariov,R (2726) Alushta 2009}) 9... Nc6 10. Bg5 $146 ({Predecessor:} 10. Ne5 Nxe5 11. Bxb7 Nxc4 12. Bxa8 Qxa8 13. Qd3 Qc6 14. f3 Na5 15. Bd2 Nc4 16. Bg5 {½-½ (44) Sachdev,T (2402)-Sharafiev,A (2432) chess.com INT 2018}) 10... Na5 {Black is slightly better.} 11. Nd2 Bxg2 12. Kxg2 Qc8 13. Bxf6 {[#] aiming for Be7.} Rxf6 14. e4 fxe4 15. Nxe4 Qb7 16. f3 Rf5 17. c5 Qd5 18. Rb1 Raf8 19. Qe2 Qc4 (19... e5 {is more complex.} 20. dxe5 Rxe5 21. Rfe1 Qf7 22. f4 Ree8) 20. Qxc4 (20. Qc2 {looks sharper.} Nc6 21. Nd2 Qa6 22. Ne4 Qc4) 20... Nxc4 21. Rbe1 h6 22. Rf2 d5 23. cxd6 cxd6 24. g4 Ra5 $36 {[%mdl 2048] Black has good play.} 25. Ra2 d5 26. Nf2 b5 27. Nd3 bxa4 28. Rxe6 a3 29. Nb4 Rb8 30. Kf2 {[#]} (30. Rc6 $11 {remains equal.}) 30... Kf7 (30... Rc8 $1 $17 31. Kg3 Kf7) 31. Ree2 $2 (31. Rc6 $1 $11 {and White has nothing to worry.}) 31... Rab5 $19 32. f4 a5 33. Nc6 R8b6 34. Ne5+ Nxe5 35. dxe5 $17 {[%mdl 4096] Endgame KRR-KRR} Rb3 36. Ke3 $2 (36. Rad2 $17 {is a better defense.}) 36... Rxc3+ (36... R6b4 $1 $19 {has better winning chances.} 37. f5 Rxc3+ 38. Kd2 d4) 37. Kd4 Rbb3 38. Kxd5 g6 ({Black should play} 38... Rb5+ $15 39. Kd6 Rd3+ 40. Kc6 Rb4) 39. f5 $11 Re3 40. Rxe3 Rxe3 41. Rc2 {Precision: White = 36%, Black = 31%.} 1/2-1/2

[Event "FIDE Zonal 2.5 Open 2019"]
[Site "Montevideo"]
[Date "2019.04.14"]
[Round "3.15"]
[White "Larrea, Manuel"]
[Black "Gaye, Gustavo"]
[Result "1-0"]
[WhiteElo "2230"]
[BlackElo "2000"]
[Annotator "TA"]
[PlyCount "59"]
[EventDate "2019.04.13"]
[EventType "swiss"]
[EventCountry "URU"]
[SourceTitle "playchess.com"]
[Source "ChessBase"]
[SourceQuality "1"]

{[%evp 10,59,33,33,49,45,46,38,24,24,57,47,51,31,45,0,0,0,27,17,25,0,0,0,7,0,0,-10,38,-95,-38,-106,-86,-112,-69,-68,-41,-53,-64,-80,-92,-100,-14,-47,0,0,0,0,0,0,0,-85]} 1. e4 c5 2. Nf3 g6 3. c3 Bg7 4. d4 cxd4 5. cxd4 d5 6. e5 f6 {B27: Sicilian: 2 Nf3, unusual Black 2nd moves} (6... Nc6 7. Bb5 Nh6 8. O-O O-O 9. h3 f6 10. exf6 exf6 11. Nc3 Nf7 12. Re1 Qd6 13. Be3 Bf5 14. Rc1 Rac8 {0-1 (46) Grischuk,A (2772)-Mamedov,R (2709) Huaian 2017}) 7. Bb5+ Nc6 8. Nc3 Bg4 {[%cal Rf6e5] White is slightly better.} 9. O-O Rc8 10. h3 Bxf3 $1 11. Qxf3 ({Much worse is} 11. gxf3 fxe5 12. dxe5 e6 $15) 11... e6 12. Re1 $146 ({Predecessor:} 12. Bf4 fxe5 13. Bxe5 Nf6 14. Qe3 O-O 15. Bxc6 Rxc6 {1-0 (36) Grigoryev,V (2529)-Brandhorst,W (2477) ICCF email 2007}) 12... fxe5 13. dxe5 Nge7 14. Bg5 a6 15. Bxc6+ Rxc6 16. Rad1 Rf8 17. Qg3 (17. Qd3 {with more complications.} Qb6 18. Rd2 Rf5 19. Be3 Qc7 20. g4) 17... Qc7 18. Bxe7 Qxe7 19. Qe3 {[#]} (19. Ne2 $1 $14 {was the only good move.}) 19... Qc5 ({Better is} 19... Rf5 $1 $17 20. Nxd5 exd5 21. Rxd5 Qe6) 20. Rd4 (20. Qd2 $15) 20... Rf5 21. f4 Bh6 {Strongly threatening ...Bxf4.} 22. g3 g5 {...gxf4 is the strong threat.} 23. Ne2 $1 Qb6 24. Kh1 gxf4 25. gxf4 Rc4 (25... Rc2 $17 26. b3 Rxa2) 26. Qg1 Kf7 27. Rxc4 {The position is equal.} Qxg1+ 28. Rxg1 dxc4 29. Rg4 Bf8 30. Ng3 {[%mdl 32768] Accuracy: White = 38%, Black = 45%. . Loss on time!?} (30. Kg2 $11 {remains equal.}) 1-0

[Event "FIDE Zonal 2.5 Open 2019"]
[Site "Montevideo"]
[Date "2019.04.14"]
[Round "3.16"]
[White "Kropff, Ricardo"]
[Black "Curia, Santiago Jose"]
[Result "1/2-1/2"]
[WhiteElo "2220"]
[BlackElo "1989"]
[Annotator "TA"]
[PlyCount "122"]
[EventDate "2019.04.13"]
[EventType "swiss"]
[EventCountry "URU"]
[SourceTitle "playchess.com"]
[Source "ChessBase"]
[SourceQuality "1"]

{[%evp 9,122,22,33,31,46,43,49,37,32,31,32,29,35,31,30,29,49,28,29,30,38,39,58,36,51,43,51,38,43,56,49,26,104,104,104,104,104,104,104,104,104,104,104,104,104,104,118,118,114,94,104,-7,101,0,101,101,102,88,89,68,81,81,81,81,81,81,81,81,81,81,81,81,81,81,81,81,81,81,81,81,88,88,88,57,57,57,57,0,57,57,57,0,0,0,57,0,0,0,0,0,0,0,0,0,57,57,57,0,16,0,57,0,57,57,57]} 1. e4 c5 2. Nf3 Nc6 3. Bb5 Nf6 4. Bxc6 dxc6 5. d3 Bg4 (5... Nd7 6. e5 Nb6 7. Nbd2 Bf5 8. Qe2 e6 9. h3 Be7 10. Ne4 h6 11. O-O a5 12. Be3 Nd7 {½-½ (29) Amin,B (2684)-Rapport,R (2719) Abu Dhabi 2018}) 6. Nbd2 {B30: Sicilian: 2...Nc6 3 Bb5, lines without ...g6} g6 7. h3 Bxf3 8. Nxf3 Bg7 9. O-O O-O 10. Re1 Ne8 11. e5 Nc7 12. Be3 Ne6 13. Qd2 Re8 $146 ({Predecessor:} 13... b6 14. Bh6 {1-0 (53) Moldovan,D (2432)-Cosma,I (2468) Baile Tusnad 2001}) 14. Bh6 Bh8 15. Re4 Qd5 16. b3 f5 17. exf6 exf6 {[#] Threatens to win with ...f5.} 18. Rae1 Qd7 19. Qe2 {[%cal Re4e6]} Kf7 20. Bd2 Nd4 (20... Bg7 $11) 21. Nxd4 $16 cxd4 22. Bb4 $36 {[%mdl 2048] And now Re7+ would win. White is in control.} Rxe4 23. Qxe4 {Strongly threatening Qe7+.} Re8 24. Qxe8+ Qxe8 25. Rxe8 Kxe8 {[%mdl 4096] Endgame KB-KB} 26. Bc5 f5 27. Bxa7 Kd7 28. Bb8 Ke6 29. f3 Kd5 30. g4 (30. Kf2 $16) 30... Bf6 (30... Be5 $11 {keeps the balance.} 31. Ba7 Bc7) 31. Kg2 (31. Bf4 $16) 31... Bg5 (31... Be5 $11 32. Bxe5 Kxe5) 32. Kg3 Ke6 33. h4 Bd2 34. h5 Be1+ 35. Kh3 gxh5 36. gxh5 Kf6 37. Bf4 Bb4 38. Kg2 Bc3 39. Kf2 Bb4 40. Ke2 Bc3 41. a3 {[%cal Ba2a3,Ba3a4][%mdl 32]} Bb2 42. a4 Bc3 43. Kd1 Bb2 44. Kd2 Ke6 45. Bg5 Ke5 46. f4+ Kd5 47. Bf6 Bc3+ 48. Kc1 (48. Ke2 $14) 48... Ke6 ({Black should play} 48... Ba5 $1 $11) 49. Be5 $14 Kd5 50. Kb1 (50. Kd1 $14) 50... Kc5 51. Bc7 Kd5 (51... Bd2 $11) 52. Ka2 (52. Kc1 $14) 52... Kc5 $11 53. Bb8 Bd2 54. Be5 Bc3 55. Bc7 Bd2 56. Kb2 Bc3+ (56... Kd5 $11) 57. Kc1 $14 Kd5 58. Bb6 (58. Be5 $14) 58... Ke6 59. Bc5 Kd5 (59... Kf7 $1 $11) 60. Bf8 (60. Ba7 $1 $14) 60... Ke6 ({Better is} 60... Ba5 $1 $11) 61. Bg7 Kd5 {Accuracy: White = 48%, Black = 61%.} 1/2-1/2

[Event "FIDE Zonal 2.5 Open 2019"]
[Site "Montevideo"]
[Date "2019.04.14"]
[Round "3.17"]
[White "Curi, Gabriel"]
[Black "Dotta, Gian Franco"]
[Result "1-0"]
[WhiteElo "2202"]
[BlackElo "1959"]
[Annotator "TA"]
[PlyCount "45"]
[EventDate "2019.04.13"]
[EventType "swiss"]
[EventCountry "URU"]
[SourceTitle "playchess.com"]
[Source "ChessBase"]
[SourceQuality "1"]

{[%evp 25,45,139,148,160,467,448,454,448,499,502,498,489,469,466,656,642,29990,29991,29991,29992,29992,29993]} 1. e4 $146 e6 2. d4 d5 3. exd5 exd5 4. Nf3 Bd6 5. c4 Nf6 6. Nc3 dxc4 7. Bxc4 O-O 8. O-O Bg4 9. h3 Bh5 10. g4 Bg6 11. Ne5 c5 12. Nxg6 hxg6 13. dxc5 Bxc5 {[#]} 14. Bxf7+ $1 {[%mdl 512] D20: Queen's Gambit Accepted: 3 e3 and 3 e4} Kxf7 $2 (14... Kh7 $16 {is tougher.}) (14... Rxf7 15. Qxd8+) 15. Qb3+ $18 {[%mdl 64] Double Attack} Ke8 16. Re1+ {White is clearly winning.} Be7 17. Bf4 {Threatens to win with Nb5.} Rf7 18. Nb5 {[%cal Bc3b5,Bb5c7,Bc7e6,Be6g5][%mdl 32]} ({Less strong is} 18. Rad1 Nbd7 $18) 18... Kf8 19. Nc7 Qc8 (19... Kg8 $142 20. Rad1 Qf8 21. Nxa8 Na6) 20. Ne6+ ({Weaker is} 20. Nxa8 Ne8 $16) 20... Ke8 21. Ng5 {[%mdl 64] Discovered Attack. White mates.} Rf8 {[#]} 22. Rxe7+ $1 {[%mdl 512]} Kxe7 23. Qb4+ 1-0